| 000 | 00425nam a22001697a 4500 | ||
|---|---|---|---|
| 003 | NUST - PNEC | ||
| 005 | 20170116180909.0 | ||
| 008 | 150902b xxu||||| |||| 00| 0 eng d | ||
| 020 | _a8120310446 | ||
| 040 | _cLIBRARY | ||
| 082 | _a620.106 FAY | ||
| 100 |
_96888 _aFay, James A. |
||
| 245 |
_aIntroduction to fluid mechanics _cJames A. Fly |
||
| 260 | _cc.1996 | ||
| 650 |
_96896 _aFluid mechanics _xME |
||
| 942 |
_2ddc _cBK |
||
| 999 |
_c65198 _d65198 |
||